| 000 | 00403nam a22001217a 4500 | ||
|---|---|---|---|
| 999 |
_c18311 _d18311 |
||
| 008 | 200720b xxu||||| |||| 00| 0 eng d | ||
| 020 | _a0198813422 | ||
| 050 |
_aHB849.53 _b.W67 2014 c.1 |
||
| 245 |
_aWorld Population and Human Capital in the Twenty-first century _bAn Overview _cEdited by Wolfgang Lutz, Wiiliam P. Butz, & Samir KC |
||
| 260 |
_aUK _bOUP _c2014 |
||
| 300 | _axv, 714p. | ||
| 942 |
_2lcc _cBK |
||